| 000 | 01197nam a2200361 a 4500 | ||
|---|---|---|---|
| 001 | vtls000031535 | ||
| 003 | NLI | ||
| 005 | 20210601183530.0 | ||
| 008 | 101125s1975 enk 000 0 eng | ||
| 020 |
_a0860190234 _c£ 5.50 |
||
| 039 | 9 |
_y201011250250 _zVLOAD |
|
| 040 | 0 |
_aNLI _beng _cVERGIS-2003 |
|
| 041 | 0 | _aeng | |
| 044 | _aenk | ||
| 082 | 0 | 4 | _a796.019 |
| 245 | 0 | 0 |
_aReadings in sports psychology 2/ _cedited by H.T.A. Whiting |
| 260 |
_aLondon: _bLepus Books, _c1975 |
||
| 300 |
_axvi, 173 p.; _c22 cm. |
||
| 440 | 0 |
_aHuman movement series _996016 |
|
| 650 | 0 |
_aPhysical education and training _xPsychological aspects _917758 |
|
| 650 | 0 |
_aSports _xPsychological aspects _928154 |
|
| 700 | 1 |
_aWhiting, H.T.A. _q(Harold Thomas Anthony), _4edt _996017 |
|
| 887 | _aP.Prabahar | ||
| 901 |
_a441251 _b07/02/1978 v.2 |
||
| 902 | _aE 796.019 W 589 | ||
| 903 | _a06/04/2004 | ||
| 904 | _aP.Prabahar | ||
| 906 | _a033033 | ||
| 949 |
_AVIRTUAITEM _D10000 _F1 _X100 _6PUR000441251ENG _9v.2 _aE 796.019 W589v2 |
||
| 942 |
_2ddc _cBKS |
||
| 999 |
_aVIRTUA _c35530 _d35530 |
||
| 999 | _aVTLSSORT0080*0200*0400*0410*0440*0820*2450*2600*3000*4400*6500*6501*7000*8520*9010*9020*9030*9040*9060*9490*9991 | ||